Field theory in particle physics /

Guardado en:
Autor Principal: Wit, B. de.
Otros Autores: Smith, J. 1938-
Formato: Libro
Idioma:English
Publicado: Amsterdam : North-Holland, c1986-
Series:North-Holland personal library
Materias:
Etiquetas: Agregar Etiqueta
Sin Etiquetas, Sea el primero en etiquetar este registro!
LEADER 01186pam a2200265 a 4500
001 MAT.inmabb003750
008 860508m19869999ne#a#####b####001#0#eng##
005 20130320153647.0
245 1 0 |a Field theory in particle physics /  |c B. de Wit and J. Smith. 
260 |a Amsterdam :  |b North-Holland,  |c c1986- 
300 |a v. <1> :  |b il. ;  |c 23 cm. 
440 0 |a North-Holland personal library 
504 |a Bibliografía: v. 1, p. 483-484. 
505 0 |a 1. Classical field theory -- 2. Feynman diagrams for spinless fields -- 3. Cross sections and decay rates -- 4. Particles with spin one -- 5. Particles with spin one-half -- 6. Cross sections for processes involving fermions -- 7. Quantum corrections -- 8. Dimensional regularization and radiative corrections -- 9. Asymptotic behaviour -- Appendices. 
020 |a 0444869999 (v. 1 : pbk.) 
020 |a 0444869964 (v. 1) 
100 1 |a Wit, B. de. 
700 1 |a Smith, J.  |q (Jack),  |d 1938- 
650 0 |a Field theory (Physics) 
650 0 |a Particles (Nuclear physics) 
650 0 |a Quantum field theory. 
084 |a 81Txx  |2 msc2000 
010 |a  86012548  
040 |a DLC  |c DLC  |d DLC 
859 |h 81  |i W819  |p A-6519  |v 1  |3 Vol. 1  |b BIB. MATEMATICA